000 00503nam a2200157Ia 4500
003 macl
005 20230127155813.0
008 221009s9999 xx 000 0 und d
040 _cmacl
082 _a004
100 _aसंकलनकर्ता, नीतू गायकवाड
_979384
245 0 _aकम्‍प्‍यूटर जागरूकता IBPS,SBI [bank po clerk]
260 _bअरिहन्‍त
650 _aकम्‍प्‍यूटर
942 _cHIN
_2ddc
999 _c65350
_d65350